书目信息 |
| 题名: |
金属低温热学和电学性质
|
|
| 作者: | 蔡明忠 著 | |
| 分册: | ||
| 出版信息: | 北京 冶金工业出版社 1981 |
|
| 页数: | 153页 | |
| 开本: | 19cm | |
| 丛书名: | ||
| 单 册: | ||
| 中图分类: | TG113.22 | |
| 科图分类: | ||
| 主题词: | 金属-热学--性能 , 电学-金属--性能 , 热学-金属--性能 , 金属-电学--性能 | |
| 电子资源: | ||
| ISBN: | ||
| 000 | 00748nam0 2200265 45 | |
| 001 | 0181000379 | |
| 005 | 20060731153204.68 | |
| 010 | @dCNY0.57 | |
| 091 | @a15062.3702 | |
| 100 | @a19950630d1981 kemy0chiy0121 ea | |
| 101 | 0 | @achi |
| 102 | @aCN@b110000 | |
| 105 | @ay z 000yy | |
| 200 | 10 | @a金属低温热学和电学性质@Ajin shu di wen re xue he dian xue xing zhi@f蔡明忠著@Fcai ming zhong zhu |
| 210 | @a北京@c冶金工业出版社@d1981 | |
| 215 | @a153页@d19cm | |
| 606 | @a金属-热学@x性能 | |
| 606 | @a电学-金属@x性能 | |
| 606 | @a热学-金属@x性能 | |
| 606 | @a金属-电学@x性能 | |
| 690 | @aTG113.22@v3 | |
| 701 | 0 | @a蔡明忠@Acai ming zhong@4著 |
| 801 | 0 | @aCN@bTSSF@c20060731 |
| 801 | 2 | @aCN@bNLC@c20060719 |
| 905 | @a10447@dTG113.22@e22 | |
| 金属低温热学和电学性质/蔡明忠著.-北京:冶金工业出版社,1981 |
| 153页;19cm |
| ISBN :CNY0.57 |
| ● |
| 相关链接 |
|
|
|
|
正题名:金属低温热学和电学性质
索取号:TG113.22/22
 
预约/预借
| 序号 | 登录号 | 条形码 | 馆藏地/架位号 | 状态 | 备注 |
| 1 | 0437683 | 204376834 | 密集书库/ [索取号:TG113.22/22] | 在馆 | |
| 2 | 0439169 | 204391693 | 密集书库/ [索取号:TG113.22/22] | 在馆 |